|
|
|
|
| LEADER |
01183pam a22003258a 4500 |
| 001 |
00031714 |
| 005 |
20171026081025.0 |
| 008 |
140124s2013 ||||||Viesd |
| 041 |
0 |
# |
|a Vie
|
| 082 |
1 |
# |
|a 895.922 33
|b NG527N
|
| 100 |
0 |
# |
|a Ngô, Thảo
|e Sưu tầm, b.s, giới thiệu
|
| 245 |
0 |
0 |
|n Tập 3
|p Những tác phẩm viết dở
|a Nguyễn Ngọc Tấn-Nguyễn Thi toàn tập
|b 4 tập
|c Ngô Thảo (sưu tầm, b.s, giới thiệu)
|
| 260 |
# |
# |
|a Hà Nội
|b Văn học
|c 2013
|
| 300 |
# |
# |
|a 436 tr.
|c 21cm.
|
| 600 |
1 |
4 |
|a Nguyễn, Ngọc Tấn
|
| 600 |
1 |
4 |
|a Nguyễn, Thi
|
| 653 |
# |
# |
|a Ký
|
| 653 |
# |
# |
|a Văn học hiện đại
|
| 653 |
# |
# |
|a Việt Nam
|
| 653 |
# |
# |
|a Truyện ngắn
|
| 653 |
# |
# |
|a Thơ
|
| 852 |
# |
# |
|j KM.0016526
|j KM.0016506
|j KM.0016507
|j KM.0016509
|j KD.0015510
|j KM.0016505
|j KM.0016508
|
| 852 |
# |
# |
|b Kho đọc
|j KD.0015510
|
| 852 |
# |
# |
|b Kho mượn
|j KM.0016526, KM.0016505, KM.0016506, KM.0016507, KM.0016508, KM.0016509
|
| 910 |
|
|
|d 24/01/2014
|
| 980 |
# |
# |
|a Trung tâm Học liệu Lê Vũ Hùng, Trường Đại học Đồng Tháp
|